A survey of physics for college students

Gorde:
Xehetasun bibliografikoak
Egile nagusia: Saunders, Frederick A.
Formatua: Liburua
Hizkuntza:Undetermined
Argitaratua: New York Henry Holt and Company 1943
Gaiak:
Etiketak: Etiketa erantsi
Etiketarik gabe, Izan zaitez lehena erregistro honi etiketa jartzen!
Thư viện lưu trữ: Trung tâm Học liệu Trường Đại học Cần Thơ
LEADER 00498nam a2200181Ia 4500
001 CTU_82915
008 210402s9999 xx 000 0 und d
082 |a 530 
082 |b S257 
100 |a Saunders, Frederick A. 
245 2 |a A survey of physics for college students 
245 0 |c Frederick A. Saunders 
260 |a New York 
260 |b Henry Holt and Company 
260 |c 1943 
650 |a Phyics 
904 |i Qhieu(sửa) 
980 |a Trung tâm Học liệu Trường Đại học Cần Thơ